| 000 | 00757nam a2200217 a 4500 | ||
|---|---|---|---|
| 003 | 0 | ||
| 005 | 20250509131707.0 | ||
| 008 | 021107s19uu xx 00 eng d | ||
| 050 |
_aPGS P 94.5.S5 _b.B699 2002 |
||
| 100 | _aBoncan, Ignacio. | ||
| 245 |
_aPerceptions of grade 6 students on the use of mass media / _cIgnacio Boncan. |
||
| 260 |
_aLas PiƱas City, Philippines : _bSouthville International School and Colleges, _c2002. |
||
| 300 |
_a27 pages : _billustrations ; _c28 cm. |
||
| 504 | _aIncludes bibliographical references. | ||
| 650 | _aMass media and children. | ||
| 650 |
_aMass media _vInfluence. |
||
| 650 |
_aMedia consumption _vChildren. |
||
| 650 | _aTelevision and children. | ||
| 650 | _aInternet and children. | ||
| 942 |
_2lcc _cPASS |
||
| 999 |
_c96600 _d96600 |
||